50 sắc thái = Fifty shades of grey

Spremljeno u:
Bibliografski detalji
Glavni autor: James, E. L.
Format: Knjiga
Jezik:Undetermined
Izdano: Hà Nội Lao động 2013
Teme:
Oznake: Dodaj oznaku
Bez oznaka, Budi prvi tko označuje ovaj zapis!
Thư viện lưu trữ: Trung tâm Học liệu Trường Đại học Cần Thơ
LEADER 00640nam a2200217Ia 4500
001 CTU_181228
008 210402s9999 xx 000 0 und d
020 |c 149000 
082 |a 823.92 
082 |b J27/T.1 
100 |a James, E. L. 
245 0 |a 50 sắc thái = 
245 0 |b Fifty shades of grey 
245 0 |c E. L. James ; Tường Vy (dịch) 
260 |a Hà Nội 
260 |b Lao động 
260 |c 2013 
650 |a Man-woman relationships,Mối quan hệ người đàn ông-phụ nữ 
650 |z Anh,Anh 
904 |i Linh,Hải 
980 |a Trung tâm Học liệu Trường Đại học Cần Thơ